| 000 | 003570000a22001450004500 | ||
|---|---|---|---|
| 041 | 0 | _aSPA | |
| 082 | 0 | 4 | _aG 900 L4181h |
| 100 | 1 | _aLawler, Thomas B. (Bonaventure) (1864-1945) | |
| 245 | 1 | 0 | _aHistoria general del mundo / Thomas B. Lawler |
| 260 | _aBoston, USA : Ginn | ||
| 300 | _a414 Pag | ||
| 650 | 1 | 4 | _aHISTORIA UNIVERSAL |
| 001 | 11212 | ||
| 942 | _cBK | ||
| 999 |
_c40578 _d40578 |
||